000 00516nam a2200193 a 4500
001 1767681889888
003 YourLibrary
005 20260107144231.0
008 260106s2002##################000#0#eng##
020 _a9781402008672
082 0 4 _a300.72
_bFRA
100 1 _aFranck, Robert,
_eauthor.
245 1 0 _aThe Explanatory Power of Models :
260 _bTaylor & Francis US,
_c2002.
300 _a328 pages
650 0 _aBusiness & Economics.
942 _cENGLISH
040 _aYourLibrary
_beng
_cYourLibrary
999 _c607425
_d607425